000 01140cam a22002174a 4500
005 20250605164253.0
008 250528s ||||||||||||||||||||||||d
035 _a21803
020 _a9789607911162
040 _aGR-AtMCL
_bgre
_dGR-AtMCL
_eAACR2
245 1 _aΝΟΜΟΣ, ΕΛΕΥΘΕΡΙΑ ΚΑΙ ΨΥΧΙΑΤΡΙΚΗ
250 _a1
260 _bΑρχιπελαγος,
_c2007
300 _a386
505 0 _aΗ ΨΥΧΙΑΤΡΙΚΗ ΩΣ ΕΠΙΣΤΗΜΗ Η ΨΥΧΙΑΤΡΙΚΗ ΩΣ ΚΟΙΝΩΝΙΚΟΣ ΘΕΣΜΟΣ Η ΨΥΧΙΑΤΡΙΚΗ ΚΑΙ ΤΟ ΠΟΙΝΙΚΟ ΔΙΚΑΙΟ ΨΥΧΙΑΤΡΙΚΗ ΚΑΙ ΣΥΝΤΑΓΜΑΤΙΚΑ ΔΙΚΑΙΩΜΑΤΑ ΨΥΧΙΑΤΡΙΚΗ ΚΑΙ ΔΗΜΟΣΙΑ ΠΟΛΙΤΙΚΗ
520 _aΗ ΨΥΧΙΑΤΡΙΚΗ ΩΣ ΕΠΙΣΤΗΜΗ Η ΨΥΧΙΑΤΡΙΚΗ ΩΣ ΚΟΙΝΩΝΙΚΟΣ ΘΕΣΜΟΣ Η ΨΥΧΙΑΤΡΙΚΗ ΚΑΙ ΤΟ ΠΟΙΝΙΚΟ ΔΙΚΑΙΟ ΨΥΧΙΑΤΡΙΚΗ ΚΑΙ ΣΥΝΤΑΓΜΑΤΙΚΑ ΔΙΚΑΙΩΜΑΤΑ ΨΥΧΙΑΤΡΙΚΗ ΚΑΙ ΔΗΜΟΣΙΑ ΠΟΛΙΤΙΚΗ
700 1 _aSzasz Thomas
_97720
942 _cBK
999 _c6862
_d6862